[Event "Landesliga Nord 0405"]
[Site "Bayern"]
[Date "2004.10.24"]
[Round "1.8"]
[White "Konsek, Peter"]
[Black "Kress, Manfred"]
[Result "1/2-1/2"]
[WhiteElo "1995"]
[BlackElo "1994"]
[PlyCount "83"]
[EventDate "2004.10.24"]
[EventType "team-tourn"]
[EventRounds "9"]
[EventCountry "GER"]
[SourceTitle "EXT 2008"]
[Source "ChessBase"]
[SourceDate "2007.11.25"]
[SourceVersion "1"]
[SourceVersionDate "2007.11.25"]
[SourceQuality "1"]
[WhiteTeam "Nuernberg Sued SW"]
[BlackTeam "Dettingen"]
[WhiteTeamCountry "GER"]
[BlackTeamCountry "GER"]

1. d4 e6 2. Nf3 d5 3. c4 Nf6 4. Nc3 c5 5. cxd5 Nxd5 6. e4 Nxc3 7. bxc3 cxd4 8. cxd4 Nc6 9. Bc4 Bb4+ 10. Bd2 Qa5 11. d5 Bxd2+ 12. Qxd2 Qxd2+ 13. Kxd2 Na5 14. Bb5+ Ke7 15. Rac1 a6 16. Bd3 Bd7 17. Ne5 Rhc8 18. d6+ Kxd6 19. Nxf7+ Ke7 20. Ng5 h6 21. Nf3 Rxc1 22. Rxc1 Rc8 23. Rxc8 Bxc8 24. h4 Nc6 25. a4 Kd6 26. Kc3 e5 27. Bc4 Bg4 28. Nd2 Bd1 29. Bb3 Bxb3 30. Nxb3 b6 31. Nd2 b5 32. axb5 axb5 33. Nb3 Ke6 34. Nc5+ Kf6 35. Nb7 Ke7 36. Nc5 g5 37. hxg5 hxg5 38. Nd3 g4 39. f4 exf4 40. Nxf4 Kf6 41. Nd3 g3 42. Nf4 1/2-1/2

[Event "Landesliga Nord 0203"]
[Site "Bayern"]
[Date "2003.03.30"]
[Round "9.7"]
[White "Kress, Manfred"]
[Black "Willy, Volker"]
[Result "1-0"]
[WhiteElo "1998"]
[BlackElo "1679"]
[PlyCount "95"]
[EventDate "2002.10.20"]
[EventType "team"]
[EventRounds "9"]
[EventCountry "GER"]
[SourceTitle "EXT 2004"]
[Source "ChessBase"]
[SourceDate "2003.11.25"]
[SourceVersion "1"]
[SourceVersionDate "2003.11.25"]
[SourceQuality "1"]
[WhiteTeam "Dettingen"]
[BlackTeam "Forchheim II"]
[WhiteTeamCountry "GER"]
[BlackTeamCountry "GER"]

1. e4 c5 2. Nf3 d6 3. d4 cxd4 4. Nxd4 Nf6 5. f3 g6 6. c4 Bg7 7. Be3 0-0 8. Nc3 Nc6 9. Qd2 Re8 10. Be2 Bd7 11. 0-0 Rc8 12. Rac1 Ne5 13. b3 a6 14. Rfd1 Qa5 15. h3 Nc6 16. Rc2 Nxd4 17. Bxd4 b5 18. Bxf6 Bxf6 19. Nd5 Qxd2 20. Nxf6+ exf6 21. Rcxd2 bxc4 22. Bxc4 Bb5 23. Rxd6 Kg7 24. Bxb5 axb5 25. R6d5 Rb8 26. Rc1 Re7 27. Kf2 Ra7 28. Rc2 h5 29. Ke3 h4 30. Rdd2 Re7 31. Kd4 g5 32. Rc5 Rd7+ 33. Kc3 Rxd2 34. Kxd2 Ra8 35. Rc2 Kf8 36. Kc3 Rc8+ 37. Kb2 Rb8 38. b4 Ke7 39. Rd2 Ke6 40. Kb3 f5 41. exf5+ Kxf5 42. a4 Kf4 43. axb5 Rxb5 44. Kc4 Rb8 45. b5 f5 46. Kc5 g4 47. fxg4 fxg4 48. Rd4+ 1-0

[Event "Landesliga Nord 0203"]
[Site "Bayern"]
[Date "2003.02.23"]
[Round "7.8"]
[White "Feller, Simon"]
[Black "Kress, Manfred"]
[Result "0-1"]
[WhiteElo "1705"]
[BlackElo "1998"]
[PlyCount "88"]
[EventDate "2002.10.20"]
[EventType "team"]
[EventRounds "9"]
[EventCountry "GER"]
[SourceTitle "EXT 2004"]
[Source "ChessBase"]
[SourceDate "2003.11.25"]
[SourceVersion "1"]
[SourceVersionDate "2003.11.25"]
[SourceQuality "1"]
[WhiteTeam "Sailauf"]
[BlackTeam "Dettingen"]
[WhiteTeamCountry "GER"]
[BlackTeamCountry "GER"]

1. d4 Nf6 2. c4 e6 3. Nc3 d5 4. Bg5 Be7 5. Nf3 0-0 6. e3 h6 7. Bf4 c5 8. Nb5 Na6 9. a3 Bd7 10. Nc3 Bc6 11. dxc5 dxc4 12. Bxc4 Nxc5 13. 0-0 Qxd1 14. Rfxd1 Rfd8 15. Ne5 g5 16. Nxc6 bxc6 17. Bc7 Rxd1+ 18. Rxd1 Nd5 19. Nxd5 cxd5 20. Be2 Rc8 21. Ba5 Nb3 22. Bc3 Bxa3 23. Ba6 Rc6 24. Bb5 Rb6 25. Ba4 Bb4 26. Be5 Nc5 27. Bc2 Rc6 28. Bd4 a5 29. f3 Kf8 30. e4 dxe4 31. fxe4 Ke7 32. Kf1 f6 33. Ke2 e5 34. Be3 Ne6 35. Ba4 Rd6 36. Rxd6 Kxd6 37. Bc2 Bc5 38. Bb3 Bxe3 39. Bxe6 Kxe6 40. Kxe3 f5 41. exf5+ Kxf5 42. h3 h5 43. b3 h4 44. Kf3 e4+ 0-1

[Event "Landesliga Nord 0102"]
[Site "Bayern"]
[Date "2002.02.24"]
[Round "6.8"]
[White "Muehlbauer, Andreas"]
[Black "Kress, Manfred"]
[Result "1/2-1/2"]
[WhiteElo "2040"]
[BlackElo "2035"]
[PlyCount "67"]
[EventDate "2001.10.07"]
[EventType "team"]
[EventRounds "9"]
[EventCountry "GER"]
[SourceTitle "EXT 2003"]
[Source "ChessBase"]
[SourceDate "2002.11.25"]
[SourceVersion "1"]
[SourceVersionDate "2002.11.25"]
[SourceQuality "1"]
[WhiteTeam "Koetzting"]
[BlackTeam "Dettingen"]
[WhiteTeamCountry "GER"]
[BlackTeamCountry "GER"]

1. e4 c5 2. Nf3 e6 3. d4 cxd4 4. Nxd4 Nc6 5. Nc3 a6 6. Be3 Bb4 7. Bd3 Nf6 8. 0-0 Ne5 9. f3 Nxd3 10. Qxd3 0-0 11. e5 Bxc3 12. exf6 Bxd4 13. Bxd4 g6 14. Qe3 Kh8 15. Bb6 Qe8 16. Bc5 Rg8 17. Rad1 d5 18. Rd4 g5 19. Qe5 Qc6 20. Bb4 Qxc2 21. Bd2 Bd7 22. Bxg5 Qf5 23. Qxf5 exf5 24. Bh6 Rge8 25. Rxd5 Be6 26. Rd4 Bxa2 27. Ra1 Be6 28. Raa4 Rac8 29. Bg7+ Kg8 30. Rh4 f4 31. Raxf4 b5 32. Rh5 Rc4 33. Rxc4 Bxc4 34. Rc5 1/2-1/2

[Event "Landesliga Nord 0102"]
[Site "Bayern"]
[Date "2001.11.11"]
[Round "2.7"]
[White "Kress, Manfred"]
[Black "Kotsjurshinski, Andre"]
[Result "1/2-1/2"]
[WhiteElo "2035"]
[BlackElo "1840"]
[PlyCount "52"]
[EventDate "2001.10.07"]
[EventType "team"]
[EventRounds "9"]
[EventCountry "GER"]
[SourceTitle "EXT 2003"]
[Source "ChessBase"]
[SourceDate "2002.11.25"]
[SourceVersion "1"]
[SourceVersionDate "2002.11.25"]
[SourceQuality "1"]
[WhiteTeam "Dettingen"]
[BlackTeam "Fuerth"]
[WhiteTeamCountry "GER"]
[BlackTeamCountry "GER"]

1. e4 d6 2. d4 g6 3. c4 Bg7 4. Nc3 Nf6 5. f3 0-0 6. Be3 c6 7. Qd2 Nbd7 8. Bd3 e5 9. Nge2 a6 10. a4 Re8 11. 0-0 Nf8 12. d5 cxd5 13. Nxd5 Nxd5 14. cxd5 f5 15. Qb4 Qf6 16. Rac1 f4 17. Bf2 Nd7 18. a5 g5 19. Nc3 h5 20. Be2 Qg6 21. Na4 g4 22. Be1 g3 23. Nb6 Nxb6 24. Qxb6 Bf8 25. h3 Qf6 26. b4 Re7 1/2-1/2

[Event "Landesliga Nord 0001"]
[Site "Bayern"]
[Date "2001.03.11"]
[Round "7"]
[White "Wiemer, Peter"]
[Black "Kress, Manfred"]
[Result "1/2-1/2"]
[WhiteElo "2125"]
[BlackElo "2045"]
[PlyCount "110"]
[EventDate "2000.10.15"]
[EventType "team-tourn"]
[EventRounds "9"]
[EventCountry "GER"]
[SourceTitle "EXT 2020"]
[Source "ChessBase"]
[SourceDate "2019.10.17"]
[SourceVersion "1"]
[SourceVersionDate "2019.10.17"]
[SourceQuality "1"]
[WhiteTeam "Zirndorf"]
[BlackTeam "Dettingen"]
[WhiteTeamCountry "GER"]
[BlackTeamCountry "GER"]

1. e4 c6 2. d4 d5 3. exd5 cxd5 4. c4 e6 5. Nf3 Nf6 6. Nc3 Nc6 7. a3 Be7 8. b4 a6 9. c5 b5 10. a4 Ne4 11. axb5 Nxc3 12. Qb3 Nxb5 13. Bxb5 Bb7 14. Bd3 Bf6 15. Bb2 0-0 16. 0-0 Qc7 17. Rfe1 Rfb8 18. g3 Bc8 19. Ra4 Ra7 20. Bc3 h6 21. Rea1 Rba8 22. Qa2 g6 23. Qe2 Nb8 24. h4 h5 25. Kg2 Qe7 26. Ne5 Bxe5 27. dxe5 Qc7 28. g4 hxg4 29. Qxg4 Nc6 30. h5 Nxe5 31. Qd4 f6 32. Bxg6 Qg7 33. Rg1 Kf8 34. f4 Nxg6 35. Kf1 e5 36. Qxd5 Qd7 37. Qg2 Qxa4 38. Qxg6 Qd1+ 39. Be1 Qf3+ 40. Bf2 Bh3+ 41. Ke1 Qc3+ 42. Ke2 Qc4+ 43. Ke1 Qxb4+ 44. Ke2 Qc4+ 45. Ke1 Qe6 46. Qh6+ Ke8 47. Qh8+ Kd7 48. Qh7+ Kc6 49. Qe4+ Qd5 50. Qa4+ Kc7 51. h6 Rd8 52. Be3 Rb7 53. Qa5+ Kb8 54. Kf2 Bg2 55. Re1 Rb2+ 1/2-1/2

[Event "Regionalliga NW 9798"]
[Site "Bayern"]
[Date "1998.??.??"]
[Round "?.7"]
[White "Kress, Manfred"]
[Black "Zoeller, Bernd"]
[Result "1/2-1/2"]
[WhiteElo "1995"]
[BlackElo "1940"]
[PlyCount "28"]
[EventDate "1997.10.??"]
[EventType "team-tourn"]
[EventRounds "9"]
[EventCountry "GER"]
[SourceTitle "EXT 2020"]
[Source "ChessBase"]
[SourceDate "2019.10.17"]
[SourceVersion "1"]
[SourceVersionDate "2019.10.17"]
[SourceQuality "1"]
[WhiteTeam "Dettingen"]
[BlackTeam "Klingenberg"]
[WhiteTeamCountry "GER"]
[BlackTeamCountry "GER"]

1. d4 f5 2. g3 Nf6 3. Bg2 g6 4. Nf3 Bg7 5. 0-0 0-0 6. c4 d6 7. Nc3 c6 8. d5 e5 9. dxe6 Bxe6 10. Qd3 Re8 11. Ng5 Nbd7 12. Nxe6 Rxe6 13. Qc2 Nb6 14. Qb3 Nfd7 1/2-1/2

[Event "Regionalliga NW 9798"]
[Site "Bayern"]
[Date "1998.??.??"]
[Round "?.7"]
[White "Wittstock, Bjoern"]
[Black "Kress, Manfred"]
[Result "1/2-1/2"]
[WhiteElo "1695"]
[BlackElo "1995"]
[PlyCount "79"]
[EventDate "1997.10.??"]
[EventType "team-tourn"]
[EventRounds "9"]
[EventCountry "GER"]
[SourceTitle "EXT 2020"]
[Source "ChessBase"]
[SourceDate "2019.10.17"]
[SourceVersion "1"]
[SourceVersionDate "2019.10.17"]
[SourceQuality "1"]
[WhiteTeam "Sailauf"]
[BlackTeam "Dettingen"]
[WhiteTeamCountry "GER"]
[BlackTeamCountry "GER"]

1. e4 c5 2. c4 Nc6 3. Nc3 Nf6 4. Nge2 e6 5. d3 d5 6. exd5 exd5 7. Bg5 d4 8. Ne4 Be7 9. Nxf6+ Bxf6 10. Bxf6 Qxf6 11. Ng3 0-0 12. Be2 Bf5 13. Nxf5 Qxf5 14. 0-0 Rfe8 15. Bf3 Qf6 16. Bxc6 Qxc6 17. Re1 Rxe1+ 18. Qxe1 Re8 19. Qd2 Qe6 20. Kf1 f5 21. Re1 Qxe1+ 22. Qxe1 Rxe1+ 23. Kxe1 Kf7 24. f4 Kf6 25. h4 Kg6 26. Kf2 Kh5 27. Kg3 h6 28. Kh3 g5 29. hxg5 hxg5 30. g3 Kg6 31. Kg2 g4 32. Kf2 Kf6 33. Ke2 Ke6 34. Kd2 Kd6 35. a4 Kc6 36. a5 b5 37. axb6 a5 38. b7 Kxb7 39. b3 Kb6 40. Kc2 1/2-1/2